000 00840cam a2200205 4500
001 WB3726-17
008 000000n2001 000 0 eng u
035 _a(Sirsi) u113440
245 _aSurburbs hold housing key
260 _c2001
490 _aEstates Gazette
_v(0126) 30 June 2001, 46(1)
520 _aThe latest London Residential Development Report argues that innovative development is needed in the outer suburbs of London. This could compensate for the many problems associated with housing developments in the highly regulated planning regimes of central and inner London and could prevent key workers from leaving the capital.
590 _aWB
650 _aHOUSING DEVELOPMENT
650 _aSUBURBAN AREAS
650 _aLONDON
650 _aLONDON RESIDENTIAL RESEARCH
690 _aHOUSING-DEVELOPMENT
942 _n0
999 _c67588
_d67588